Pronoms - Statistiques

Statistiques générales
  • Ce quiz a été pris 9 fois
  • Le résultat moyen est 8 sur 46
Statistiques - réponses
Hint Réponse % Correct
Me Me
67%
Se Se
56%
Te Te
44%
La A
33%
je eu
33%
Le O
33%
Les As
22%
nous nós
22%
Nous Nos
22%
quoi Que
22%
tu voce
22%
Vous Vos
22%
on a gente
11%
celle-là aquela
11%
Celui-là Aquele
11%
cela aquilo
11%
elle ela
11%
elles elas
11%
il ele
11%
ils eles
11%
celle-là essa
11%
Celui-là Esse
11%
celle-ci Esta
11%
Celui-ci Este
11%
cela isso
11%
ceci isto
11%
Lui Lhe
11%
Leur Lhes
11%
Mon Meu
11%
ma minha
11%
nos nossa
11%
Notre Nosso
11%
Que O que
11%
Les Os
11%
Lesquels, lesquelles Quais
11%
Lequel, laquelle Qual
11%
Qui Quem
11%
Son Seu
11%
Leur* Seu*
11%
sa sua
11%
leurs* sua*
11%
Ton Teu
11%
ta tua
11%
vous vocês
11%
vos vossa
11%
Votre Vosso
11%
Aucun quiz correspondant
Distribution des résultats
% des personnes avec chaque résultat
Percentile par nombre de réponses
Votre historique - résultats
Vous n’avez pas pris ce quiz